000 00441nam a2200181Ia 4500
008 240510s9999 xx 000 0 und d
020 _a9781259025969
041 _aEng
082 _a004.1
082 _bA52
100 _aANDERSON;J.D
245 0 _aComputational Fluid Dynamics :The Basics with Applications
260 _bNew Delhi,Tata McGraw Hill Education
260 _c1995
300 _a547 p.
942 _2ddc
942 _cRBK
999 _c28923
_d28923
945 _a1
_bMadushi Gamage
_c1
_dMadushi Gamage